African Countries with the Most Muslims - Statistics

General Stats
  • This quiz has been taken 100,607 times
  • The average score is 8 of 10
Answer Stats
# Muslims Country % % Correct
110 mil Egypt 92.4
98%
44.7 mil Algeria 99
93%
38.7 mil Morocco 99
93%
27.7 mil Niger 98.3
93%
115 mil Nigeria 47
90%
50.0 mil Sudan 96
89%
42.7 mil Ethiopia 31.3
75%
24.4 mil Mali 96.2
75%
18.5 mil Senegal 97.2
51%
25.0 mil Tanzania 35.2
49%
No matching quizzes found
Score Distribution
Percent of People with Each Score
Percentile by Number Answered
Your Score History
You have not taken this quiz